Quiz o Szczecinie - Statystyki

Ogólne statystyki
  • Ten quiz został rozwiązany 441 razy
  • Średni wynik to 10 z 15
Statystyki odpowiedzi
Wskazówka Odpowiedź % Poprawnych
Najdłuższa rzeka przepływająca przez Szczecin Odra
95%
Rejestracja samochodowa Szczecina ZS
91%
Klub piłkarski z siedzibą w Szczecinie, dwukrotny wicemistrz Polski Pogoń Szczecin
89%
Sprzedawane w puszkach konserwowych zmielone mięso rybie z ryżem, cebulą, koncentratem pomidorowym, w oleju roślinnym i z dodatkiem przypraw Paprykarz szczeciński
88%
Miasto znajduje się w tym województwie Zachodniopomorskie
88%
Niemiecka nazwa Szczecina Stettin
82%
Znajduje się w herbie Szczecina Gryf
80%
Miasto leży nad tym jeziorem Dąbie
70%
W tym wieku miasto uzyskało prawa miejskie XIII
63%
Obecny prezydent miasta Piotr Krzystek
60%
W tym roku miał miejsce Szczeciński Sierpień, podczas którego doszło do masowych protestów robotniczych 1980
53%
Taras widokowy o długości ok. 500 metrów, znajdujący się na skarpie wzdłuż Odry Wały Chrobrego
53%
Nowoczesny budynek wyróżniany w wielu konkursach, zbudowanym w latach 2011–2014 przy ulicy Małopolskiej 48 Filharmonia
49%
Najwyższy budynek Hanza Tower
49%
Główny plac staromiejski Rynek Sienny
14%
Nie znaleziono quizów pasujących do podanych kryteriów
Rozkład punktacji
Procent ludzi z każdym wynikiem
Percentyl według liczby udzielonych odpowiedzi
Twoja historia wyników
Nie rozwiązałeś tego quizu